TALES AND PARABLES OF DRI RAMKRISHNA (Record no. 112596)

MARC details
000 -LEADER
fixed length control field 00374nam a2200145Ia 4500
008 - FIXED-LENGTH DATA ELEMENTS--GENERAL INFORMATION
fixed length control field 090124s9999 xx 000 0 und d
082 ## - DEWEY DECIMAL CLASSIFICATION NUMBER
Item number 46377
245 ## - TITLE STATEMENT
Title TALES AND PARABLES OF DRI RAMKRISHNA
250 ## - EDITION STATEMENT
Edition statement 0
260 ## - PUBLICATION, DISTRIBUTION, ETC. (IMPRINT)
Date of publication, distribution, etc 1974
300 ## - PHYSICAL DESCRIPTION
Extent 272
630 ## - SUBJECT ADDED ENTRY--UNIFORM TITLE
Uniform title TALES AND PARABLES OF DRI RAMKRISHNA
730 ## - ADDED ENTRY--UNIFORM TITLE
Uniform title TALES AND PARABLES OF DRI RAMKRISHNA
942 ## - ADDED ENTRY ELEMENTS (KOHA)
Koha item type Book
Holdings
Withdrawn status Lost status Damaged status Not for loan Home library Current library Date acquired Cost, normal purchase price Total Checkouts Full call number Barcode Date last seen Cost, replacement price Price effective from Koha item type
        Nagar Wachan Mandir, Thane Nagar Wachan Mandir, Thane   25.00   46377 THNNWM-46377 01/24/2009 25.00 01/24/2009 Book